| 000 | 00348nam a22001337a 4500 | ||
|---|---|---|---|
| 005 | 20260318123445.0 | ||
| 008 | 260318b |||||||| |||| 00| 0 eng d | ||
| 040 | _cFLL | ||
| 041 |
_2eng _aeng |
||
| 100 |
_aKumar, Mohan _91132453 |
||
| 245 | _aCritical Study of Judicial Review in India | ||
| 260 |
_aDU _bFaculty of Law _c2023 |
||
| 942 |
_2CC _cDIS |
||
| 999 |
_c1715688 _d1715688 |
||